Marvel Characters by Gift Ideas - Statistics

General Stats
  • This quiz has been taken 26 times
  • The average score is 10 of 16
Answer Stats
Gift Idea Recipient % Correct
A stress ball Bruce Banner
95%
Controlling shares in Hammer Industries(might be outside my price range) Tony Stark
95%
A new deck of cards The Thing / Gambit
86%
A vintage record Captain America
82%
A pair of ballet shoes Black Widow
77%
Bucky's arm Rocket Raccoon
77%
A treadmill Quicksilver
73%
An iPod Star-lord
73%
Sit-coms on DVD Wanda Maximoff
68%
A toolbox (delux) Thor
64%
Acorns roasted on an open fire Squirrel Girl
55%
Color-vision glass (modified) Cyclops
45%
Some audio books Matt Murdock (Daredevil)
45%
Chocolate. Lots of chocolate. Venom
23%
A winged sloth pajama set Ms. Marvel (Kamala Khan)
18%
A nail polish set X-23
9%
No matching quizzes found
Score Distribution
Percent of People with Each Score
Percentile by Number Answered
Your Score History
You have not taken this quiz